100 Tula Na Nakakatuwa : (Record no. 9379)

MARC details
000 -LEADER
fixed length control field 00547nam a22001817a 4500
003 - CONTROL NUMBER IDENTIFIER
control field OSt
005 - DATE AND TIME OF LATEST TRANSACTION
control field 20260413052548.0
008 - FIXED-LENGTH DATA ELEMENTS--GENERAL INFORMATION
fixed length control field 260413b |||||||| |||| 00| 0 eng d
020 ## - INTERNATIONAL STANDARD BOOK NUMBER
International Standard Book Number 97189706066
040 ## - CATALOGING SOURCE
Original cataloging agency DWCL GS lib
Transcribing agency OC
082 ## - DEWEY DECIMAL CLASSIFICATION NUMBER
Classification number Res.(Fil.) 808.81 S139o 1997
100 ## - MAIN ENTRY--PERSONAL NAME
Personal name Silverio, F. Julio
245 ## - TITLE STATEMENT
Title 100 Tula Na Nakakatuwa :
Remainder of title Unang Aklat /
Statement of responsibility, etc. Julio F. Silverio
260 ## - PUBLICATION, DISTRIBUTION, ETC.
Place of publication, distribution, etc. Metro Manila
Name of publisher, distributor, etc. M & L LICUDINE ENTERPRISES
Date of publication, distribution, etc. c1997.
300 ## - PHYSICAL DESCRIPTION
Extent 107 pages:
Dimensions 12cm.
546 ## - LANGUAGE NOTE
Language note Tagalog
942 ## - ADDED ENTRY ELEMENTS (KOHA)
Source of classification or shelving scheme Dewey Decimal Classification
Koha item type Book- Reserved
Classification part Res.(Fil.)
Suppress in OPAC No
952 ## - LOCATION AND ITEM INFORMATION (KOHA)
--
952 ## - LOCATION AND ITEM INFORMATION (KOHA)
--
952 ## - LOCATION AND ITEM INFORMATION (KOHA)
--
952 ## - LOCATION AND ITEM INFORMATION (KOHA)
--
952 ## - LOCATION AND ITEM INFORMATION (KOHA)
--
952 ## - LOCATION AND ITEM INFORMATION (KOHA)
--
952 ## - LOCATION AND ITEM INFORMATION (KOHA)
--
Holdings
Withdrawn status Lost status Source of classification or shelving scheme Damaged status Not for loan Home library Current library Shelving location Date acquired Source of acquisition Total Checkouts Full call number Barcode Date last seen Copy number Price effective from Koha item type Uniform Resource Identifier
    Dewey Decimal Classification     Grade School Library Grade School Library Reserved 04/13/2026 School Fund, Donation   Res.(Fil.) 808.81 Si39o 1997 19976 04/13/2026 c1 04/13/2026 BK-0 CIRC
    Dewey Decimal Classification     Grade School Library Grade School Library Reserved 04/13/2026 School Fund, Donation   Res.(Fil.) 808.81 Si39o 1997 19977 04/13/2026 c2 04/13/2026 BK-0 CIRC
    Dewey Decimal Classification     Grade School Library Grade School Library Reserved 04/13/2026 School Fund, Donation   Res.(Fil.) 808.81 Si39o 1997 19978 04/13/2026 c3 04/13/2026 BK-0 CIRC
    Dewey Decimal Classification     Grade School Library Grade School Library Reserved 04/13/2026 School Fund, Donation   Res.(Fil.) 808.81 Si39o 1997 9925 04/13/2026 c4 04/13/2026 BK-0 CIRC
    Dewey Decimal Classification     Grade School Library Grade School Library Reserved 04/13/2026 School Fund, Donation   Res.(Fil.) 808.81 Si39o 1997 9926 04/13/2026 c5 04/13/2026 BK-0 CIRC
    Dewey Decimal Classification     Grade School Library Grade School Library Reserved 04/13/2026 School Fund, Donation   Res.(Fil.) 808.81 Si39o 1997 19974 04/13/2026 c6 04/13/2026 BK-0 CIRC
    Dewey Decimal Classification     Grade School Library Grade School Library Reserved 04/13/2026 School Fund, Donation   Res.(Fil.) 808.81 Si39o 1997 19975 04/13/2026 c7 04/13/2026 BK-0 CIRC